000
00297nam a22001337a 4500
005
20250902134712.0
008
250902b |||||||| |||| 00| 0 eng d
082
_a
891.4
_b
ADR-U
100
_a
M Adrees
245
_a
UMAR BIN AL KHITAB /
650
_a
Urdu Litreature
999
_c
37090
_d
37090